| 000 | 00907nac a22002771u 4500 | ||
|---|---|---|---|
| 003 | EG-ScBUE | ||
| 005 | 20221031131429.0 | ||
| 008 | 221031s2007 vraae f b 000 0 eng d | ||
| 020 | _a9781864702507 (hbk.) : | ||
| 040 |
_aEG-ScBUE _beng _erda _cEG-ScBUE _dEG-ScBUE |
||
| 050 | _an-us--- | ||
| 082 | 0 | 4 |
_a720.973 _bPOW _222 |
| 245 | 0 | 0 | _aPowers brown architecture. |
| 264 | 1 |
_aMulgrave, Victoria : _bImages Publishing Group, _c2007. |
|
| 300 |
_a124 pages : _billustrations (chiefly color), plans ; _c27 cm |
||
| 336 |
_2rdacontent _atext _btxt |
||
| 337 |
_2rdamedia _aunmediated _bn |
||
| 338 |
_2rdacarrier _avolume _bnc |
||
| 504 | _aIncludes bibliographical references. | ||
| 650 | 7 |
_aPowers Brown Architects. _2BUEsh |
|
| 650 | 7 |
_aArchitectural firms _zUnited States. _2BUEsh |
|
| 650 | 7 |
_aArchitecture, Modern _y21st century. _2BUEsh |
|
| 653 | _bENGARC | ||
| 655 | _vReading book | ||
| 942 |
_cBB _2ddc |
||
| 999 |
_c8661 _d8661 |
||